The art of nursing : (Record no. 2636)
[ view plain ]
| 000 -LEADER | |
|---|---|
| fixed length control field | 00582cam a22002054a 4500 |
| 008 - FIXED-LENGTH DATA ELEMENTS--GENERAL INFORMATION | |
| fixed length control field | 000428s2001 pau b 001 0 eng c |
| 020 ## - INTERNATIONAL STANDARD BOOK NUMBER | |
| ISBN | 0721682162 (pbk.) |
| 100 1# - MAIN ENTRY--AUTHOR | |
| Author | Cooper, Carolyn, |
| 245 14 - TITLE STATEMENT | |
| Title | The art of nursing : |
| Remainder of title | a practical introduction / |
| Statement of responsibility, etc | Carolyn Cooper. |
| 260 ## - PUBLICATION, DISTRIBUTION, ETC. (IMPRINT) | |
| Place of publication | Philadelphia : |
| Name of publisher | W.B. Saunders, |
| Date of publication | c2001. |
| 300 ## - COLLATION | |
| Pagination | xi, 268 p. ; |
| 650 #0 - TRACINGS | |
| Main Subject | Nursing. |
| 650 #0 - TRACINGS | |
| Main Subject | Nurse and patient. |
| 650 12 - TRACINGS | |
| Main Subject | Nursing Care |
| Subdivision (2nd) | methods. |
| 650 22 - TRACINGS | |
| Main Subject | Knowledge. |
| 650 22 - TRACINGS | |
| Main Subject | Nurse-Patient Relations. |
| 942 ## - ADDED ENTRY ELEMENTS (KOHA) | |
| Item type | Books |
| 050 00 - LIBRARY OF CONGRESS CALL NUMBER | |
| Classification number | RT41 |
| Item number | .C7787 2001 |
| 082 00 - DEWEY DECIMAL CLASSIFICATION NUMBER | |
| Classification number | 610.73 |
| Source of classification or shelving scheme | Not for loan | Permanent location | Current location | Date acquired | Accession No. | Full call number | Barcode. | Koha item type |
|---|---|---|---|---|---|---|---|---|
| Library of Congress Classification | Medical Library | Medical Library | 03/24/2025 | 2024/63587 | RT63.C66 | 2025-0924 | Books |